| 000 -LEADER |
| fixed length control field |
02076nam a22005297a 4500 |
| 001 - CONTROL NUMBER |
| control field |
1101189928 |
| 003 - CONTROL NUMBER IDENTIFIER |
| control field |
OCoLC |
| 005 - DATE AND TIME OF LATEST TRANSACTION |
| control field |
20241105174750.0 |
| 006 - FIXED-LENGTH DATA ELEMENTS--ADDITIONAL MATERIAL CHARACTERISTICS |
| fixed length control field |
m o d |
| 007 - PHYSICAL DESCRIPTION FIXED FIELD--GENERAL INFORMATION |
| fixed length control field |
cr |n||||||||| |
| 008 - FIXED-LENGTH DATA ELEMENTS--GENERAL INFORMATION |
| fixed length control field |
190515s2019 nyua ob 000 0 eng d |
| 020 ## - INTERNATIONAL STANDARD BOOK NUMBER |
| Canceled/invalid ISBN |
1260012026 |
| 020 ## - INTERNATIONAL STANDARD BOOK NUMBER |
| International Standard Book Number |
9781260012026 |
| 035 ## - SYSTEM CONTROL NUMBER |
| System control number |
(OCoLC)1101189928 |
| 040 ## - CATALOGING SOURCE |
| Original cataloging agency |
IHS |
| Language of cataloging |
eng |
| Description conventions |
pn |
| Transcribing agency |
IHS |
| Modifying agency |
USU |
| -- |
INM |
| -- |
COU |
| -- |
VTM |
| -- |
UIU |
| -- |
OCLCF |
| -- |
YYE |
| 041 ## - LANGUAGE CODE |
| Language code of text/sound track or separate title |
eng |
| 049 ## - LOCAL HOLDINGS (OCLC) |
| Holding library |
YYEA |
| -- |
VZYM |
| 080 ## - UNIVERSAL DECIMAL CLASSIFICATION NUMBER |
| Universal Decimal Classification number |
616-093 |
| Item number |
J-30 |
| 099 ## - LOCAL FREE-TEXT CALL NUMBER (OCLC) |
| Classification number |
INTERNET LINK |
| 100 ## - MAIN ENTRY--PERSONAL NAME |
| 9 (RLIN) |
307 |
| Personal name |
Riedel, Stefan |
| 245 00 - TITLE STATEMENT |
| Title |
Jawetz, Melnick & Adelberg's medical microbiology |
| Statement of responsibility, etc. |
Stefan Riedel, Jeffery A. Hobden, Steve Miller, Stephen A. Morse, Timothy A. Mietzner, Barbara Detrick, Thomas G. Mitchell, Judy A. Sakanari, Peter Hotez, Rojelio Mejia. |
| 246 10 - VARYING FORM OF TITLE |
| Title proper/short title |
Medical microbiology. |
| 246 3# - VARYING FORM OF TITLE |
| Title proper/short title |
Jawetz, Melnick and Adelberg's medical microbiology. |
| 250 ## - EDITION STATEMENT |
| Edition statement |
28th ed. |
| 260 ## - PUBLICATION, DISTRIBUTION, ETC. |
| Place of publication, distribution, etc. |
New York, NY : |
| Name of publisher, distributor, etc. |
McGraw-Hill Education, |
| Date of publication, distribution, etc. |
[2019] |
| 300 ## - PHYSICAL DESCRIPTION |
| Extent |
1 online resource. 867 p. |
| Other physical details |
ill. |
| 500 ## - GENERAL NOTE |
| General note |
EINSTEIN & MMC: available online via AccessMedicine. See Reference staff for assistance. |
| 504 ## - BIBLIOGRAPHY, ETC. NOTE |
| Bibliography, etc. note |
Includes bibliographical references. |
| 505 0# - FORMATTED CONTENTS NOTE |
| Formatted contents note |
Fundamentals of microbiology -- Immunology -- Bacteriology -- Virology -- Mycology -- Parasitology -- Diagnostic medical microbiology and clinical correlation -- Review questions. |
| 588 ## - SOURCE OF DESCRIPTION NOTE |
| Source of description note |
Description based on online resource; title from electronic title page (AccessMedicine web site, viewed May 20, 2019). |
| 650 #2 - SUBJECT ADDED ENTRY--TOPICAL TERM |
| Topical term or geographic name entry element |
Microbiology. |
| 653 ## - INDEX TERM--UNCONTROLLED |
| Uncontrolled term |
მიკრობიოლოგია |
| 655 #7 - INDEX TERM--GENRE/FORM |
| Genre/form data or focus term |
Electronic books. |
| 700 1# - ADDED ENTRY--PERSONAL NAME |
| Personal name |
Riedel, Stefan. |
| 700 1# - ADDED ENTRY--PERSONAL NAME |
| Personal name |
Hobden, Jeffrey A. |
| 700 1# - ADDED ENTRY--PERSONAL NAME |
| Personal name |
Miller, Steve. |
| 700 1# - ADDED ENTRY--PERSONAL NAME |
| Personal name |
Morse, Stephen A. |
| 700 1# - ADDED ENTRY--PERSONAL NAME |
| Personal name |
Mietzner, Timothy A. |
| 700 1# - ADDED ENTRY--PERSONAL NAME |
| Personal name |
Detrick, Barbara. |
| 700 1# - ADDED ENTRY--PERSONAL NAME |
| Personal name |
Mitchell, Thomas G. |
| 700 1# - ADDED ENTRY--PERSONAL NAME |
| Personal name |
Sakanari, Judy A. |
| 700 1# - ADDED ENTRY--PERSONAL NAME |
| Personal name |
Hotez, Peter. |
| 700 1# - ADDED ENTRY--PERSONAL NAME |
| Personal name |
Mejia, Rojelio. |
| 710 2# - ADDED ENTRY--CORPORATE NAME |
| Corporate name or jurisdiction name as entry element |
McGraw-Hill Companies. |
| 710 2# - ADDED ENTRY--CORPORATE NAME |
| Corporate name or jurisdiction name as entry element |
AccessMedicine (Online service) |
| 942 ## - ADDED ENTRY ELEMENTS (KOHA) |
| Source of classification or shelving scheme |
|
| Koha item type |
Books |
| Edition |
28 |